| 000 | 00497nam a22001817a 4500 | ||
|---|---|---|---|
| 999 |
_c5505 _d5505 |
||
| 003 | GBCCL | ||
| 005 | 20241126110543.0 | ||
| 008 | 180326b ||||| |||| 00| 0 eng d | ||
| 040 | _cgbc | ||
| 082 |
_aVER 390.08 _bGOU |
||
| 100 |
_aGouzanang, T. _99926 |
||
| 245 |
_aPaite Pu-Pa Ngeina: _bIndongta leh zuhawm-Sahawm / _cT. Gouzanang |
||
| 250 | _a2nd Ed. | ||
| 260 |
_aLamka: _bT. Khamzapau _c2013 |
||
| 300 |
_a106 p.; _bill., _c21 cm. |
||
| 650 |
_aCustom _vPaite _zAsia _99927 |
||
| 942 |
_2ddc _cBK _011 |
||